000 00863nam a2200217 a 4500
001 000025332
003 AM-YEHGA
005 20250618070856.0
008 030329s1949 ai | |||| |0| | arm d
040 _aAM-YeHGA
041 1 _aarm
_haze
100 1 _aՎուրղուն, Սամեդ
245 1 0 _aՀատընտիր /
_cՍ. Վուրղուն ; Թարգմ. ադրբեջ.՝ Ա. Գրաշի ; Խմբ.՝ Վ. Գրիգորյան ; Նկ.՝ Կ. Տիրատուրյան.
260 _aԵրևան :
_bՀայպետհրատ ,
_c1949.
300 _a102 էջ
_a18 սմ.
650 1 4 _aԱդրբեջանական գրականություն
_xՊոեզիա
700 1 _aԳրիգորյան, Վահան Արմենակի,
_d1905-1989
_eխմբ.
_4edt
_91650
700 1 _aՏիրատուրյան, Կարապետ Թադևոսի,
_d1911-1975
_eնկ.
_4art
942 _2udc
_cBK
090 _c10501
999 _c10426
_d10426